Overseas Territories - Statistics

General Stats
  • This quiz has been taken 45 times
  • The average score is 29 of 30
Answer Stats
Question Answer % Correct
Despite being Overseas territory of UK, which country is also claiming Falkland Islands? Argentina
100%
Where are Saint Pierre and Miquelon islands, Self-governing Territorial Collectivity of France located? Atlantic Ocean
100%
Christmas Island, Cocos Island and Norfolk Island are all external territories of which country? Australia
100%
Where are the Cayman Islands, an autonomous British Overseas Territory, located? Caribbean Sea
100%
Greenland is a self-governing overseas administrative division of which country? Denmark
100%
A part of which country are Faroe Islands? Denmark
100%
Where is Isle of Man, a self-governing British Crown dependency located? Europe
100%
Saint Barthelemy and Saint Martin are overseas collectivities of of which country? France
100%
New Caledonia is special collectivity of which country? France
100%
The Crown dependencies are three island territories off the coast of Great Britain. Which one is not one of them? Gibraltar
100%
The Kingdom of Netherlands has three municipalities in the Caribbean. Which one is not one of them? Guadeloupe
100%
The southern part of St. Martin island (Sint Maarten) in the Caribbean belongs to which country? Netherlands
100%
A part of which country is Curacao? Netherlands
100%
A part of which country is Aruba? Netherlands
100%
With which country the Cook Islands and Niue share a head of state as well as the citizenship? New Zealand
100%
Svalbard in the Arctic archipelago is the northernmost permanent civilian settlement in the world. Part of which country is it? Norway
100%
Where is American Samoa located? Pacific Ocean
100%
What is the capital of Puerto Rico? San Juan
100%
To which country is Gibraltar, a British Overseas Territory bordered to the north? Spain
100%
Turks and Caicos Islands in the Caribbean are overseas territory of which country? United Kingdom
100%
The island of Montserrat is overseas territory of which country? United Kingdom
100%
Saint Helena island is an overseas territory of which country? United Kingdom
100%
Guam and Northern Mariana Islands are territories of which country? USA
100%
Which of the islands does not belong to French Polynesia? Vanuatu
100%
Where are U.S. Virgin Islands located? Caribbean
90%
What is the capital city of Bermuda, British Overseas Territory in the North Atlantic Ocean? Hamilton
90%
Tokelau is a territory of which country? New Zeland
90%
The Pitcairn Islands are a group of four volcanic islands that form the sole British Overseas Territory in which ocean? Pacific ocean
90%
Wallis and Futuna is an overseas territory of which country? France
70%
What is the capital city of the British Virgin Islands in the Caribbean? Road Town
50%
No matching quizzes found
Score Distribution
Percent of People with Each Score
Percentile by Number Answered
Your Score History
You have not taken this quiz